Powiaty województwa wrocławskiego i m. w. Wrocław w 1968r. na mapie - Statystyki

Ogólne statystyki
  • Ten quiz został rozwiązany 96 razy
  • Średni wynik to 23 z 32
Odpowiedzi na mapie
Odpowiedzi zakodowano w zielono-czerwonej skali na mapie do tego quizu, zgodnie z poniższymi procentami.
 
Statystyki odpowiedzi
powiat % Poprawnych
Miasto {Wrocław}
99%
Miasto {Jelenia Góra}
95%
Miasto {Legnica}
94%
jeleniogórski
92%
legnicki
91%
Miasto {Wałbrzych}
91%
kłodzki
87%
wałbrzyski
87%
zgorzelecki
85%
lubiński
81%
wrocławski
81%
Miasto {Świdnica}
80%
świdnicki
79%
oławski
71%
oleśnicki
71%
bolesławiecki
70%
dzierżoniowski
64%
złotoryjski
64%
lwówecki
63%
lubański
62%
trzebnicki
62%
ząbkowicki
62%
milicki
60%
kamiennogórski
59%
średzki
59%
jaworski
58%
wołowski
57%
strzeliński
56%
górowski
49%
bystrzycki
47%
noworudzki
42%
sycowski
42%
Nie znaleziono quizów pasujących do podanych kryteriów
Rozkład punktacji
Procent ludzi z każdym wynikiem
Percentyl według liczby udzielonych odpowiedzi
Twoja historia wyników
Nie rozwiązałeś tego quizu